000 00782nam a2200205 4500
008 171212b xxu||||| |||| 00| 0 eng d
020 _a0393960595
082 _21991
_aDC 940.5
_bG37e
100 _924853
_aGilbert, Felix, author.
245 _aThe end of the European era :
_b1890 to the present /
_cFelix Gilbert, David Clay Large.
250 _aFourth edition.
260 _aNew York :
_bNorton,
_c©1991.
300 _axvi, 598 pages :
_billustrations ;
_c 21 cm.
440 _924854
_aNorton history of modern Europe.
500 _aIncludes bibliographical references and index.
650 0 _924855
_aWorld politics
_y20th century.
650 0 _924856
_aEurope
_x Politics and government
_y 20th century.
700 _924858
_aLarge, David Clay, author.
942 _2ddc
_cDC
999 _c8053
_d8053